[Event "Muensterland Verbandsklasse 1819"]
[Site "Germany"]
[Date "2019.05.18"]
[Round "9.4"]
[White "Mense, Jens Uwe"]
[Black "Miethe, Christoph"]
[Result "1/2-1/2"]
[WhiteElo "1822"]
[BlackElo "1753"]
[PlyCount "21"]
[EventDate "2018.09.15"]
[EventType "team-tourn"]
[EventRounds "9"]
[EventCountry "GER"]
[SourceTitle "EXT 2020"]
[Source "ChessBase"]
[SourceDate "2019.10.17"]
[SourceVersion "1"]
[SourceVersionDate "2019.10.17"]
[SourceQuality "1"]
[WhiteTeam "Nordwalde"]
[BlackTeam "Rheine Klein Berlin II"]
[WhiteTeamCountry "GER"]
[BlackTeamCountry "GER"]

1. d4 d5 2. Nc3 e6 3. e4 dxe4 4. Nxe4 Nf6 5. Bg5 Be7 6. Bxf6 Bxf6 7. c3 Nc6 8. Qf3 Be7 9. 0-0-0 Qd5 10. c4 Qf5 11. Qxf5 1/2-1/2

[Event "Muensterland Verbandsklasse 1819"]
[Site "Germany"]
[Date "2019.02.09"]
[Round "6.4"]
[White "Hofene, Markus"]
[Black "Mense, Jens Uwe"]
[Result "1/2-1/2"]
[WhiteElo "1670"]
[BlackElo "1822"]
[PlyCount "20"]
[EventDate "2018.09.15"]
[EventType "team-tourn"]
[EventRounds "9"]
[EventCountry "GER"]
[SourceTitle "EXT 2020"]
[Source "ChessBase"]
[SourceDate "2019.10.17"]
[SourceVersion "1"]
[SourceVersionDate "2019.10.17"]
[SourceQuality "1"]
[WhiteTeam "Beelen II"]
[BlackTeam "Nordwalde"]
[WhiteTeamCountry "GER"]
[BlackTeamCountry "GER"]

1. e4 e6 2. d4 d5 3. Nc3 Nf6 4. e5 Nfd7 5. f4 c5 6. Nf3 Nc6 7. Ne2 Be7 8. c3 0-0 9. Ng3 f6 10. Bd3 Qb6 1/2-1/2

[Event "Muensterland Verbandsklasse 1819"]
[Site "Germany"]
[Date "2018.11.17"]
[Round "3.4"]
[White "Mense, Jens Uwe"]
[Black "Reinhold, Klaus"]
[Result "1-0"]
[WhiteElo "1822"]
[BlackElo "1816"]
[PlyCount "109"]
[EventDate "2018.09.15"]
[EventType "team-tourn"]
[EventRounds "9"]
[EventCountry "GER"]
[SourceTitle "EXT 2020"]
[Source "ChessBase"]
[SourceDate "2019.10.17"]
[SourceVersion "1"]
[SourceVersionDate "2019.10.17"]
[SourceQuality "1"]
[WhiteTeam "Nordwalde"]
[BlackTeam "Gronau II"]
[WhiteTeamCountry "GER"]
[BlackTeamCountry "GER"]

1. d4 d5 2. Nc3 Bf5 3. f3 Nf6 4. Bg5 Nbd7 5. g4 Bg6 6. Nh3 h6 7. Bxf6 Nxf6 8. Nf4 Bh7 9. e3 e6 10. Bd3 Bd6 11. Qd2 Bxf4 12. exf4 Bxd3 13. Qxd3 c6 14. f5 Qd6 15. fxe6 Qxe6+ 16. Kd2 0-0-0 17. Rae1 Qd6 18. Qf5+ Qd7 19. Qxd7+ Kxd7 20. Re5 Rhe8 21. Rhe1 Rxe5 22. dxe5 Ne8 23. f4 Nc7 24. h4 f6 25. f5 fxe5 26. Rxe5 Kd6 27. Re1 Re8 28. Rf1 Ke5 29. Ne2 Kf6 30. Ng3 d4 31. Nh5+ Kf7 32. Nf4 Re3 33. Ne2 Rh3 34. g5 Rxh4 35. g6+ Kf6 36. Kd3 c5 37. Ng3 Rh3 38. Rf3 Ke5 39. f6 Rxg3 40. Rxg3 Kxf6 41. Ke4 b6 42. a4 Ne6 43. a5 Ng5+ 44. Kd5 Kf5 45. a6 h5 46. Kc6 h4 47. Rg1 c4 48. Kb7 d3 49. Kxa7 d2 50. Kxb6 Nf3 51. Rf1 Kxg6 52. a7 Ne1 53. a8Q d1Q 54. Qe4+ Kh6 55. Qxh4+ 1-0

[Event "Muensterland Verbandsklasse 1819"]
[Site "Germany"]
[Date "2018.10.06"]
[Round "2.4"]
[White "Hoge, Reinhard"]
[Black "Mense, Jens Uwe"]
[Result "1-0"]
[WhiteElo "1909"]
[BlackElo "1822"]
[PlyCount "63"]
[EventDate "2018.09.15"]
[EventType "team-tourn"]
[EventRounds "9"]
[EventCountry "GER"]
[SourceTitle "EXT 2020"]
[Source "ChessBase"]
[SourceDate "2019.10.17"]
[SourceVersion "1"]
[SourceVersionDate "2019.10.17"]
[SourceQuality "1"]
[WhiteTeam "Saerbeck"]
[BlackTeam "Nordwalde"]
[WhiteTeamCountry "GER"]
[BlackTeamCountry "GER"]

1. c4 g6 2. g3 Bg7 3. Bg2 d6 4. Nc3 e5 5. e4 Ne7 6. Nge2 0-0 7. d4 exd4 8. Nxd4 Nbc6 9. Be3 Ne5 10. Qe2 Bg4 11. f3 Bd7 12. 0-0 c5 13. Ndb5 Be6 14. Nd5 Bxd5 15. cxd5 a6 16. Nc3 b5 17. Rad1 f5 18. Bh3 Qe8 19. f4 Nc4 20. Bf2 Kh8 21. e5 Nxe5 22. fxe5 Bxe5 23. Bxc5 Bxc3 24. bxc3 dxc5 25. Qe5+ Kg8 26. d6 Nc6 27. Qd5+ Kg7 28. Qxc5 Ne5 29. Bg2 Rc8 30. Qd4 Rc4 31. d7 Qe6 32. d8Q 1-0

[Event "Muensterland Verbandsklasse 1617"]
[Site "Germany"]
[Date "2016.10.22"]
[Round "2.4"]
[White "Mense, Jens Uwe"]
[Black "Brinkmann, Franz Josef"]
[Result "1/2-1/2"]
[WhiteElo "1793"]
[BlackElo "1771"]
[PlyCount "33"]
[EventDate "2016.09.24"]
[EventType "team"]
[EventRounds "9"]
[EventCountry "GER"]
[SourceTitle "EXT 2018"]
[Source "ChessBase"]
[SourceDate "2017.10.13"]
[SourceVersion "1"]
[SourceVersionDate "2017.10.13"]
[SourceQuality "1"]
[WhiteTeam "Nordwalde"]
[BlackTeam "Rheine Klein Berlin II"]
[WhiteTeamCountry "GER"]
[BlackTeamCountry "GER"]

1. d4 d5 2. Nc3 Nf6 3. Bg5 h6 4. Bh4 Bf5 5. f3 c6 6. e4 dxe4 7. Bxf6 exf6 8. fxe4 Bg6 9. Nf3 Bb4 10. Bd3 0-0 11. 0-0 Bh5 12. Ne2 Re8 13. c3 Bd6 14. Qc2 Nd7 15. Rae1 Qc7 16. g3 c5 17. Qd2 1/2-1/2

[Event "Muensterland Verbandsklasse 1516"]
[Site "Germany"]
[Date "2015.12.19"]
[Round "4.4"]
[White "Mense, Jens Uwe"]
[Black "Brinkmann, Franz Josef"]
[Result "1/2-1/2"]
[WhiteElo "1801"]
[BlackElo "1769"]
[PlyCount "25"]
[EventDate "2015.09.19"]
[EventType "team"]
[EventRounds "9"]
[EventCountry "GER"]
[SourceTitle "EXT 2017"]
[Source "ChessBase"]
[SourceDate "2016.10.25"]
[SourceVersion "1"]
[SourceVersionDate "2016.10.25"]
[SourceQuality "1"]
[WhiteTeam "Nordwalde"]
[BlackTeam "Rheine Klein Berlin II"]
[WhiteTeamCountry "GER"]
[BlackTeamCountry "GER"]

1. d4 d5 2. Nc3 Nc6 3. Bf4 e6 4. Nb5 Bd6 5. Nxd6+ cxd6 6. Nf3 Nf6 7. e3 Ne4 8. Bd3 g5 9. Bxe4 gxf4 10. Bd3 e5 11. dxe5 dxe5 12. e4 Bg4 13. h3 1/2-1/2

[Event "Muensterland Verbandsklasse 1415"]
[Site "Germany"]
[Date "2014.10.04"]
[Round "2.3"]
[White "Hoffmann, Fabian"]
[Black "Mense, Jens Uwe"]
[Result "0-1"]
[WhiteElo "1694"]
[BlackElo "1802"]
[PlyCount "76"]
[EventDate "2014.09.13"]
[EventType "team-tourn"]
[EventRounds "9"]
[EventCountry "GER"]
[SourceTitle "EXT 2016"]
[Source "ChessBase"]
[SourceDate "2015.10.08"]
[SourceVersion "1"]
[SourceVersionDate "2015.10.08"]
[SourceQuality "1"]
[WhiteTeam "Raesfeld Erle II"]
[BlackTeam "Nordwalde"]
[WhiteTeamCountry "GER"]
[BlackTeamCountry "GER"]

1. e4 g6 2. d4 d6 3. Bc4 Bg7 4. Nf3 a6 5. 0-0 e6 6. Re1 b6 7. Nc3 Ne7 8. h3 h6 9. Nh2 Nd7 10. f4 0-0 11. Be3 Bb7 12. a4 c5 13. Nf3 Kh7 14. Qd2 Qc7 15. Kh1 d5 16. exd5 exd5 17. Bd3 c4 18. Be2 Nf5 19. Ne5 Ng3+ 20. Kg1 Nxe2+ 21. Rxe2 Nf6 22. Rf1 Ne4 23. Nxe4 dxe4 24. Ref2 f5 25. g4 Rad8 26. Qe2 Bd5 27. Rg2 Be6 28. Nxg6 Rg8 29. Ne5 Bxe5 30. dxe5 fxg4 31. hxg4 Bxg4 32. Rxg4 Rxg4+ 33. Qxg4 Rg8 34. Qxg8+ Kxg8 35. Kf2 Qe7 36. Rg1+ Kf7 37. c3 Qd7 38. Rh1 Qg4 0-1

[Event "Muensterland Verbandsklasse 1314"]
[Site "Germany"]
[Date "2013.10.12"]
[Round "2.3"]
[White "Mense, Jens Uwe"]
[Black "Busswolder, Peter"]
[Result "1-0"]
[WhiteElo "1791"]
[BlackElo "1747"]
[PlyCount "53"]
[EventDate "2013.09.21"]
[EventType "team-tourn"]
[EventRounds "9"]
[EventCountry "GER"]
[SourceTitle "EXT 2015"]
[Source "ChessBase"]
[SourceDate "2014.11.20"]
[SourceVersion "1"]
[SourceVersionDate "2014.11.20"]
[SourceQuality "1"]
[WhiteTeam "Nordwalde"]
[BlackTeam "Stadtlohn"]
[WhiteTeamCountry "GER"]
[BlackTeamCountry "GER"]

1. e4 c5 2. Nc3 d6 3. g3 Nc6 4. Bg2 Nf6 5. f4 Bg4 6. Nce2 e6 7. d3 Be7 8. Nf3 d5 9. e5 Nd7 10. 0-0 0-0 11. h3 Bxf3 12. Bxf3 f6 13. Bg4 f5 14. Bf3 Rc8 15. c3 b5 16. Be3 Nb6 17. Kh2 c4 18. Nd4 Nxd4 19. Bxd4 Bc5 20. dxc4 Bxd4 21. Qxd4 Rxc4 22. Qd2 Qc7 23. g4 fxg4 24. Bxg4 Rcxf4 25. Rxf4 Qxe5 26. Bxe6+ Kh8 27. Raf1 1-0

[Event "Muensterland Verbandsklasse 1314"]
[Site "Germany"]
[Date "2013.09.21"]
[Round "1.3"]
[White "Wigger, Frank"]
[Black "Mense, Jens Uwe"]
[Result "1/2-1/2"]
[WhiteElo "1809"]
[BlackElo "1791"]
[PlyCount "24"]
[EventDate "2013.09.21"]
[EventType "team-tourn"]
[EventRounds "9"]
[EventCountry "GER"]
[SourceTitle "EXT 2015"]
[Source "ChessBase"]
[SourceDate "2014.11.20"]
[SourceVersion "1"]
[SourceVersionDate "2014.11.20"]
[SourceQuality "1"]
[WhiteTeam "Metelen"]
[BlackTeam "Nordwalde"]
[WhiteTeamCountry "GER"]
[BlackTeamCountry "GER"]

1. e4 g6 2. d4 Bg7 3. Nc3 d6 4. Be3 a6 5. Qd2 Nd7 6. h4 h5 7. 0-0-0 b5 8. f3 Bb7 9. Nh3 c5 10. Ng5 Qa5 11. Kb1 Rc8 12. e5 cxd4 1/2-1/2

[Event "Steinfurt Bezirksliga 1213"]
[Site "Germany"]
[Date "2013.03.02"]
[Round "7.3"]
[White "Mense, Jens Uwe"]
[Black "Wehner, Siegfried"]
[Result "1-0"]
[WhiteElo "1777"]
[BlackElo "1351"]
[PlyCount "37"]
[EventDate "2012.09.22"]
[EventType "team-tourn"]
[EventRounds "9"]
[EventCountry "GER"]
[SourceTitle "EXT 2015"]
[Source "ChessBase"]
[SourceDate "2014.11.20"]
[SourceVersion "1"]
[SourceVersionDate "2014.11.20"]
[SourceQuality "1"]
[WhiteTeam "Nordwalde"]
[BlackTeam "Reckenfeld II"]
[WhiteTeamCountry "GER"]
[BlackTeamCountry "GER"]

1. e4 d6 2. d4 Nf6 3. Nc3 g6 4. Bc4 Bg7 5. Qe2 Nbd7 6. Nf3 0-0 7. e5 dxe5 8. dxe5 Nh5 9. g4 Nxe5 10. Nxe5 Bxe5 11. gxh5 Bxc3+ 12. bxc3 e6 13. Bh6 Re8 14. Rd1 Qf6 15. Rd3 a6 16. Rf3 Qh4 17. Rf4 Qe7 18. Qe5 f5 19. Rg1 1-0

[Event "Muensterland Verbandsklasse-B 1112"]
[Site "Germany"]
[Date "2012.04.21"]
[Round "8.5"]
[White "Kemper, Andreas"]
[Black "Mense, Jens Uwe"]
[Result "1/2-1/2"]
[WhiteElo "1792"]
[BlackElo "1764"]
[PlyCount "75"]
[EventDate "2011.09.17"]
[EventType "team-tourn"]
[EventRounds "9"]
[EventCountry "GER"]
[SourceTitle "EXT 2013"]
[Source "ChessBase"]
[SourceDate "2012.11.22"]
[SourceVersion "1"]
[SourceVersionDate "2012.11.22"]
[SourceQuality "1"]
[WhiteTeam "Ahaus Wessum"]
[BlackTeam "Nordwalde"]
[WhiteTeamCountry "GER"]
[BlackTeamCountry "GER"]

1. e4 g6 2. d4 Bg7 3. c3 d6 4. Bd3 Nd7 5. Nf3 e5 6. 0-0 Ne7 7. Be3 f5 8. Qb3 fxe4 9. Ng5 d5 10. Ne6 Nc5 11. Nxg7+ Kf8 12. dxc5 exd3 13. f4 Kxg7 14. fxe5 Nf5 15. Bf4 g5 16. Bd2 Be6 17. Qxb7 Qe7 18. Qc6 Rhf8 19. Na3 Rad8 20. Rae1 h6 21. Rf2 d4 22. c4 Ne3 23. Rxf8 Rxf8 24. Qe4 Rf4 25. Qxd3 Bf5 26. Qe2 Bg4 27. Qd3 Qxe5 28. Bxe3 dxe3 29. Qxe3 Qxb2 30. h3 Bh5 31. Qe5+ Qxe5 32. Rxe5 Kf6 33. Rd5 Be8 34. Nb5 Rxc4 35. Nxc7 Bf7 36. Rd6+ Ke7 37. Nd5+ Bxd5 38. Rxd5 1/2-1/2

[Event "Muensterland Verbandsklasse-B 1112"]
[Site "Germany"]
[Date "2011.12.10"]
[Round "4.4"]
[White "Langhans, Joerg"]
[Black "Mense, Jens Uwe"]
[Result "1-0"]
[WhiteElo "1930"]
[BlackElo "1764"]
[PlyCount "65"]
[EventDate "2011.09.17"]
[EventType "team-tourn"]
[EventRounds "9"]
[EventCountry "GER"]
[SourceTitle "EXT 2013"]
[Source "ChessBase"]
[SourceDate "2012.11.22"]
[SourceVersion "1"]
[SourceVersionDate "2012.11.22"]
[SourceQuality "1"]
[WhiteTeam "Rheine Klein Berlin II"]
[BlackTeam "Nordwalde"]
[WhiteTeamCountry "GER"]
[BlackTeamCountry "GER"]

1. e4 g6 2. d4 Bg7 3. Nc3 d6 4. f4 e5 5. dxe5 dxe5 6. Qxd8+ Kxd8 7. Bc4 Be6 8. Bxe6 fxe6 9. fxe5 Bxe5 10. Nf3 Bxc3+ 11. bxc3 Nd7 12. Ng5 Ke7 13. Rf1 Nh6 14. Nxe6 Kxe6 15. Bxh6 Rhg8 16. h4 Nc5 17. 0-0-0 Rad8 18. Rde1 Rd7 19. Bg5 Rgg7 20. Rf6+ Ke5 21. Rf8 Rgf7 22. Re8+ Ne6 23. g3 Rf3 24. Be3 c5 25. Bxc5 Rc7 26. Bd4+ Kd6 27. Bxa7 Kd7 28. Rh8 Rcxc3 29. Rxh7+ Kc6 30. Re7 Nc7 31. Bb8 Nb5 32. Rd1 Rf2 33. Rd2 1-0

[Event "Muensterland Verbandsklasse-B 1011"]
[Site "Germany"]
[Date "2010.12.11"]
[Round "4.8"]
[White "Greifenberg, Daniel"]
[Black "Mense, Jens Uwe"]
[Result "0-1"]
[WhiteElo "1711"]
[BlackElo "1728"]
[PlyCount "72"]
[EventDate "2010.09.18"]
[EventType "team-tourn"]
[EventRounds "9"]
[EventCountry "GER"]
[SourceTitle "EXT 2012"]
[Source "ChessBase"]
[SourceDate "2011.11.24"]
[SourceVersion "1"]
[SourceVersionDate "2011.11.24"]
[SourceQuality "1"]
[WhiteTeam "Raesfeld Erle"]
[BlackTeam "Nordwalde"]
[WhiteTeamCountry "GER"]
[BlackTeamCountry "GER"]

1. d4 g6 2. Nf3 Bg7 3. e4 d6 4. Bc4 e6 5. 0-0 Ne7 6. Be3 Nd7 7. Qd2 h6 8. Nc3 b6 9. a4 a6 10. Nh4 Bb7 11. f4 d5 12. exd5 Nxd5 13. Nf3 Nxe3 14. Qxe3 0-0 15. Ne5 Nf6 16. f5 Ng4 17. Qf4 Nxe5 18. dxe5 exf5 19. Rad1 Qe7 20. Rfe1 Qc5+ 21. Kh1 Rad8 22. e6 fxe6 23. Rxe6 Rxd1+ 24. Nxd1 Bd5 25. Bxd5 Qxd5 26. Re1 Rd8 27. Ne3 Qd2 28. Qg3 Re8 29. h3 f4 30. Qxg6 Qxe1+ 31. Nf1 Qxf1+ 32. Kh2 Qe2 33. Qf5 Rf8 34. Qd5+ Kh8 35. a5 f3 36. axb6 Qxg2# 0-1

[Event "Muensterland Verbandsklasse-B 0910"]
[Site "Germany"]
[Date "2009.12.19"]
[Round "4.4"]
[White "Wigger, Frank"]
[Black "Mense, Jens Uwe"]
[Result "1/2-1/2"]
[WhiteElo "1771"]
[BlackElo "1717"]
[PlyCount "49"]
[EventDate "2009.09.19"]
[EventType "team-tourn"]
[EventRounds "9"]
[EventCountry "GER"]
[SourceTitle "EXT 2011"]
[Source "ChessBase"]
[SourceDate "2010.11.26"]
[SourceVersion "1"]
[SourceVersionDate "2010.11.26"]
[SourceQuality "1"]
[WhiteTeam "Metelen"]
[BlackTeam "Nordwalde"]
[WhiteTeamCountry "GER"]
[BlackTeamCountry "GER"]

1. Nf3 g6 2. g3 Bg7 3. d4 d6 4. Bg2 Nd7 5. 0-0 e5 6. dxe5 dxe5 7. c3 Ne7 8. Bg5 h6 9. Be3 0-0 10. Qc1 Nf5 11. Rd1 Qe7 12. Na3 Nxe3 13. Qxe3 f5 14. Nc4 Re8 15. Qd2 e4 16. Nd4 a6 17. Ne3 Nf6 18. Qc2 c5 19. Nb3 Be6 20. Rd2 Rad8 21. Rad1 b6 22. Rxd8 Rxd8 23. Rd2 Rd7 24. Qd1 Qd8 25. Rxd7 1/2-1/2

[Event "Muensterland Verbandsklasse-B 0809"]
[Site "Germany"]
[Date "2009.05.02"]
[Round "9.6"]
[White "Mense, Jens Uwe"]
[Black "Rothkegel, Juergen"]
[Result "0-1"]
[WhiteElo "1763"]
[BlackElo "1886"]
[PlyCount "30"]
[EventDate "2008.09.13"]
[EventType "team-tourn"]
[EventRounds "9"]
[EventCountry "GER"]
[SourceTitle "EXT 2010"]
[Source "ChessBase"]
[SourceDate "2010.11.25"]
[SourceVersion "1"]
[SourceVersionDate "2010.11.25"]
[SourceQuality "1"]
[WhiteTeam "Nordwalde"]
[BlackTeam "Gronau"]
[WhiteTeamCountry "GER"]
[BlackTeamCountry "GER"]

1. d4 Nf6 2. Nc3 d5 3. Bg5 c6 4. f3 Bf5 5. e4 dxe4 6. Bxf6 exf6 7. fxe4 Bg6 8. Nf3 Bb4 9. Qd3 0-0 10. Be2 Re8 11. Nd2 Nd7 12. 0-0 Qe7 13. Bf3 Rad8 14. Rae1 Ne5 15. Qe3 Rxd4 0-1

[Event "Muensterland Verbandsklasse-B 0809"]
[Site "Germany"]
[Date "2009.01.10"]
[Round "5.5"]
[White "Fehlings, Gerd"]
[Black "Mense, Jens Uwe"]
[Result "1/2-1/2"]
[WhiteElo "1628"]
[BlackElo "1763"]
[PlyCount "82"]
[EventDate "2008.09.13"]
[EventType "team-tourn"]
[EventRounds "9"]
[EventCountry "GER"]
[SourceTitle "EXT 2010"]
[Source "ChessBase"]
[SourceDate "2010.11.25"]
[SourceVersion "1"]
[SourceVersionDate "2010.11.25"]
[SourceQuality "1"]
[WhiteTeam "Emsdetten Rochade II"]
[BlackTeam "Nordwalde"]
[WhiteTeamCountry "GER"]
[BlackTeamCountry "GER"]

1. e4 d6 2. Nf3 g6 3. g3 Bg7 4. Bg2 e5 5. 0-0 Ne7 6. d3 0-0 7. Bg5 h6 8. Be3 Be6 9. Qd2 Kh7 10. Nc3 f5 11. Ne1 Nbc6 12. f4 fxe4 13. dxe4 Qd7 14. Nf3 Rad8 15. fxe5 dxe5 16. Qxd7 Rxd7 17. Bc5 b6 18. Bxe7 Rxe7 19. a3 Ref7 20. Ne1 Nd4 21. Rxf7 Rxf7 22. Rd1 h5 23. Nd5 Bg4 24. Rd3 Be2 25. Rc3 c6 26. Ne3 Ba6 27. Kh1 c5 28. Nd5 Be2 29. Kg1 Ba6 30. Kh1 Rf2 31. Nc7 Re2 32. Nf3 Bb7 33. Ng5+ Kg8 34. h4 Nxc2 35. b4 Bf8 36. Nce6 Be7 37. bxc5 bxc5 38. Nxc5 Bxg5 39. hxg5 Bc6 40. Bf1 Rf2 41. Kg1 Rd2 1/2-1/2

[Event "Muensterland Verbandsklasse-B 0809"]
[Site "Germany"]
[Date "2008.11.29"]
[Round "4.6"]
[White "Wessel, Johannes"]
[Black "Mense, Jens Uwe"]
[Result "1/2-1/2"]
[WhiteElo "1872"]
[BlackElo "1763"]
[PlyCount "36"]
[EventDate "2008.09.13"]
[EventType "team-tourn"]
[EventRounds "9"]
[EventCountry "GER"]
[SourceTitle "EXT 2010"]
[Source "ChessBase"]
[SourceDate "2010.11.25"]
[SourceVersion "1"]
[SourceVersionDate "2010.11.25"]
[SourceQuality "1"]
[WhiteTeam "Steinfurt"]
[BlackTeam "Nordwalde"]
[WhiteTeamCountry "GER"]
[BlackTeamCountry "GER"]

1. e4 e6 2. d4 d5 3. Nc3 Nf6 4. e5 Nfd7 5. Nce2 c5 6. c3 Nc6 7. f4 Be7 8. Nf3 0-0 9. g3 f6 10. Bh3 Nb6 11. 0-0 Bd7 12. Kh1 Rc8 13. g4 Qe8 14. Ng3 cxd4 15. cxd4 Nb4 16. Rf2 Bb5 17. exf6 Bxf6 18. Ne5 Qe7 1/2-1/2

[Event "Muensterland Verbandsklasse-B 0809"]
[Site "Germany"]
[Date "2008.10.25"]
[Round "3.5"]
[White "Mense, Jens Uwe"]
[Black "Reufer, Berthold"]
[Result "0-1"]
[WhiteElo "1763"]
[BlackElo "1675"]
[PlyCount "74"]
[EventDate "2008.09.13"]
[EventType "team-tourn"]
[EventRounds "9"]
[EventCountry "GER"]
[SourceTitle "EXT 2010"]
[Source "ChessBase"]
[SourceDate "2010.11.25"]
[SourceVersion "1"]
[SourceVersionDate "2010.11.25"]
[SourceQuality "1"]
[WhiteTeam "Nordwalde"]
[BlackTeam "Buldern"]
[WhiteTeamCountry "GER"]
[BlackTeamCountry "GER"]

1. e4 b6 2. d4 Bb7 3. Bd3 g6 4. Nf3 Bg7 5. Nc3 d6 6. Bg5 Nd7 7. Qd2 c5 8. d5 a6 9. 0-0 Ne5 10. Nxe5 Bxe5 11. Rae1 Qd7 12. a4 0-0-0 13. Qe2 Bxc3 14. bxc3 f6 15. Bd2 a5 16. Rb1 Kc7 17. Bb5 Qc8 18. Rb2 Qb8 19. Rfb1 Qa7 20. f4 Rb8 21. c4 h5 22. Bc3 Rh7 23. Rb3 Bc8 24. Qe1 e5 25. fxe5 fxe5 26. Bc6 Ne7 27. Rxb6 Rxb6 28. Rxb6 Kxb6 29. Qb1+ Kc7 30. Qb5 Nxc6 31. dxc6 Kd8 32. Bxa5+ Ke7 33. Bb6 Qa6 34. Qb3 Be6 35. a5 Rh8 36. Qg3 Qxc4 37. Qxg6 Qb4 0-1

[Event "Muensterland Verbandsliga 0708"]
[Site "Germany"]
[Date "2008.01.12"]
[Round "5.6"]
[White "Mense, Jens Uwe"]
[Black "Stroessner, Lena"]
[Result "1-0"]
[WhiteElo "1765"]
[BlackElo "1744"]
[PlyCount "53"]
[EventDate "2007.09.08"]
[EventType "team"]
[EventRounds "9"]
[EventCountry "GER"]
[SourceTitle "EXT 2009"]
[Source "ChessBase"]
[SourceDate "2008.11.26"]
[SourceVersion "1"]
[SourceVersionDate "2008.11.26"]
[SourceQuality "1"]
[WhiteTeam "Nordwalde"]
[BlackTeam "Olfen"]
[WhiteTeamCountry "GER"]
[BlackTeamCountry "GER"]

1. d4 e6 2. e4 d5 3. Nc3 Bb4 4. e5 c5 5. a3 Bxc3+ 6. bxc3 Bd7 7. Qg4 g6 8. Nf3 Ba4 9. dxc5 Bxc2 10. Bb5+ Nc6 11. Nd4 Bf5 12. Nxf5 exf5 13. Qd4 Qd7 14. Bxc6 bxc6 15. 0-0 Qe6 16. Rb1 Ne7 17. Bh6 Rg8 18. Bg5 Qc8 19. Rfe1 Qe6 20. Rb7 Nc8 21. Qh4 h5 22. Qa4 Rf8 23. Bf6 a5 24. Rc7 Ra6 25. Rb1 Ra8 26. Rbb7 Rg8 27. Rxc6 1-0

[Event "Muensterland Verbandsliga 0708"]
[Site "Germany"]
[Date "2007.10.13"]
[Round "2.6"]
[White "Langhans, Joerg"]
[Black "Mense, Jens Uwe"]
[Result "1/2-1/2"]
[WhiteElo "1831"]
[BlackElo "1765"]
[PlyCount "24"]
[EventDate "2007.09.08"]
[EventType "team"]
[EventRounds "9"]
[EventCountry "GER"]
[SourceTitle "EXT 2009"]
[Source "ChessBase"]
[SourceDate "2008.11.26"]
[SourceVersion "1"]
[SourceVersionDate "2008.11.26"]
[SourceQuality "1"]
[WhiteTeam "Rheine Klein Berlin"]
[BlackTeam "Nordwalde"]
[WhiteTeamCountry "GER"]
[BlackTeamCountry "GER"]

1. e4 d6 2. d4 g6 3. Nc3 Bg7 4. f4 Nd7 5. Nf3 e5 6. dxe5 dxe5 7. Bc4 Qe7 8. Nd5 Qd6 9. Be3 Ngf6 10. Nxf6+ Qxf6 11. 0-0 0-0 12. c3 exf4 1/2-1/2

[Event "Steinfurt Bezirksliga 0607"]
[Site "Germany"]
[Date "2006.09.09"]
[Round "1.1"]
[White "Mense, Jens Uwe"]
[Black "Lemli, Thomas"]
[Result "1/2-1/2"]
[WhiteElo "1806"]
[BlackElo "2076"]
[PlyCount "29"]
[EventDate "2006.09.09"]
[EventType "team-tourn"]
[EventRounds "9"]
[EventCountry "GER"]
[SourceTitle "EXT 2008"]
[Source "ChessBase"]
[SourceDate "2007.11.25"]
[SourceVersion "1"]
[SourceVersionDate "2007.11.25"]
[SourceQuality "1"]
[WhiteTeam "Nordwalde II"]
[BlackTeam "Emsdetten Rochade"]
[WhiteTeamCountry "GER"]
[BlackTeamCountry "GER"]

1. e4 e6 2. d4 d5 3. Nc3 Nf6 4. e5 Nfd7 5. Qg4 c5 6. Be3 cxd4 7. Bxd4 Nc6 8. Nf3 Nxd4 9. Nxd4 h5 10. Qg3 h4 11. Qe3 Bc5 12. 0-0-0 a6 13. f4 Nb6 14. Qf3 Qc7 15. g3 1/2-1/2

[Event "Steinfurt Bezirksklasse 0304"]
[Site "Germany"]
[Date "2004.04.24"]
[Round "9.8"]
[White "Gaupel, Michael"]
[Black "Mense, Jens Uwe"]
[Result "0-1"]
[WhiteElo "1316"]
[BlackElo "1892"]
[PlyCount "34"]
[EventDate "2003.09.27"]
[EventType "team-tourn"]
[EventRounds "11"]
[EventCountry "GER"]
[SourceTitle "EXT 2005"]
[Source "ChessBase"]
[SourceDate "2004.11.15"]
[SourceVersion "1"]
[SourceVersionDate "2004.11.15"]
[SourceQuality "1"]
[WhiteTeam "Steinfurt III"]
[BlackTeam "Nordwalde III"]
[WhiteTeamCountry "GER"]
[BlackTeamCountry "GER"]

1. e4 e6 2. c4 d5 3. cxd5 exd5 4. e5 d4 5. Nf3 Qd5 6. h3 Nc6 7. Qe2 Bf5 8. Qb5 0-0-0 9. Bc4 Qe4+ 10. Kf1 Qc2 11. Na3 Qd1+ 12. Ne1 d3 13. Bxf7 Qe2+ 14. Kg1 Qxe1+ 15. Kh2 Qxe5+ 16. Kg1 Qe1+ 17. Kh2 Bd6+ 0-1